| Поле | Инд. | ПП | Название | Значение |
|---|---|---|---|---|
| Тип записи | a | |||
| Библиографический уровень | m | |||
| 001 | Контрольный номер | b9ac37bb-6946-4c2b-927e-7e30d7cc84f5 | ||
| 005 | Дата корректировки | 20230425123745.5 | ||
| 008 | Кодируемые данные | 060130 | ||
| 020 | a | ISBN | 5-06-004901-9 | |
| 040 | a | Служба первич. каталог. | НБ ТвГУ | |
| 041 | 0_ | a | Код языка текста | rus |
| 080 | a | Индекс УДК | 504(075.8) | |
| a | Индекс УДК | 614.8(075.8) | ||
| 084 | a | Индекс другой классификации/Индекс ББК | Б1я73-1 | |
| a | Индекс другой классификации/Индекс ББК | Ц69я73-1 | ||
| 090 | x | Авторский знак | П 12 | |
| a | Полочн. индекс | Б1 | ||
| 100 | 1_ | a | Автор | Павлов Андрей Николаевич |
| q | Полное имя | Павлов А. Н. | ||
| 245 | 10 | a | Заглавие | Экология: рациональное природопользование и безопасность жизнедеятельности |
| b | Продолж. заглавия | учебное пособие для студентов, обучающихся по направлениям 550400 и 654400 "Телекоммуникации" | ||
| 260 | 0_ | a | Место издания | Москва |
| b | Издательство | Высшая школа | ||
| c | Дата издания | 2005 | ||
| 300 | a | Объем | 342, [1] с. | |
| b | Иллюстрации/ тип воспроизводства | ил., табл. | ||
| 504 | a | Библиография | Библиогр.: с. 338-341. | |
| 583 | a | Действие | Получение впервые 26 25.01.2006 | |
| k | Исполнитель действия | Дар ООО "Книжный мир" | ||
| 583 | a | Действие | Приписка 25 18.03.2009 | |
| k | Исполнитель действия | ОАО "Издательство "Высшая школа" | ||
| 653 | 0_ | a | Ключевые слова | Экология |
| a | Ключевые слова | Природопользование | ||
| a | Ключевые слова | Рациональное природопользование | ||
| a | Ключевые слова | Безопасность жизнедеятельности | ||
| a | Ключевые слова | Учебники для вузов | ||
| 888 | a | Бесплатные | ||
| 901 | t | Тип документа | m | |
| 920 | a | Оператор | Карл | |
| 952 | p | 26.2006 198.00 1 833249 | ||
| p | 25.2009 220.00 1 929138 | |||
| p | 25.2009 220.00 1 929139 | |||
| p | 25.2009 220.00 1 929140 | |||
| p | 25.2009 220.00 1 929141 | |||
| p | 25.2009 220.00 1 929142 | |||
| c | Вид литературы | К ру | ||
| 954 | a | Дата поступления на обработку | 20060323 |